| 000 | 00514nam a2200181Ia 4500 | ||
|---|---|---|---|
| 005 | 20250508150946.0 | ||
| 008 | 008 250505s9999 xx 000 0 eng d | ||
| 037 | _aTextual | ||
| 040 |
_aFEDL _beng _cFEDL |
||
| 041 |
_aeng _2eng |
||
| 084 |
_a693.7, FIS _qFEDL |
||
| 100 |
_aFisher Douglas A _9130495 |
||
| 245 | 0 | _aSteel serves the nation, 1901-1951: The fifty year story of United States Steel | |
| 260 | _c1951 | ||
| 300 | _a225p | ||
| 942 |
_cTEXL _h693.7, FIS |
||
| 999 |
_c1326728 _d1326728 |
||